Statistics for Alphabet Puzzle: Last Letters #2

Click here to take the quiz!

General Stats

  • This quiz has been taken 69 times
  • The average score is 16 of 26

Answer Stats

Hint Answer % Correct
ODisney elephantDumbo
100%
SBook of mapsAtlas
95%
HSanta's vehicleSleigh
86%
PAbductKidnap
82%
QBasketballer O'NealShaq
82%
RBach, Chopin etcComposer
79%
G747 makerBoeing
79%
WTemporarily takeBorrow
77%
UJapanese poemHaiku
73%
YVentriloquist's propDummy
71%
LJudge's hammerGavel
71%
NDracula's bedCoffin
68%
EArc de _______Triomphe
68%
XTussaud's mediumWax
66%
ICity vehicleTaxi
66%
K*Asterisk
57%
JMuslim pilgrimageHajj
57%
VAd-libbed comedyImprov
43%
CAlfresco mealPicnic
41%
FConclusive evidenceProof
41%
DFern leafFrond
39%
AConakry's countryGuinea
32%
BGo upClimb
32%
ZThisQuiz
30%
TWhat a library is?Quiet
25%
MSpook, specterPhantom
11%

Score Distribution

Percentile by Number Answered

Percent of People with Each Score

Your Score History

You have not taken this quiz